| 000 | 00906nam a22002297a 4500 | ||
|---|---|---|---|
| 005 | 20150128111628.0 | ||
| 008 | 110525s2010 ck ab gr f00010 spa d | ||
| 020 | _a9789588491356 | ||
| 040 |
_aCO-BoIAVH _cCO-BoIAVH |
||
| 041 | _aspa | ||
| 044 | _ack | ||
| 082 | 0 | 4 |
_a333.91 _bC718p |
| 110 | 1 |
_aColombia. _b Ministerio de Ambiente, Vivienda y Desarrollo Territorial. _932159 |
|
| 245 | 1 | 0 |
_aPolítica nacional para la gestión integral del recurso hídrico / _cMinisterio de Ambiente, Vivienda y Desarrollo Territorial. |
| 260 |
_aBogotá : _bMinisterio de Ambiente, _c2010. |
||
| 300 |
_a127 p. : _bil., mapas ; _c28 cm. |
||
| 650 | 4 |
_aUtilización del agua _z Colombia. _932160 |
|
| 650 | 4 |
_aConservación del agua _x Planificación _z Colombia. _932161 |
|
| 650 | 4 |
_aRecursos hídricos _x Protección _z Colombia. _932162 |
|
| 650 | 4 |
_aGestión ambiental _z Colombia. _932163 |
|
| 942 |
_2ddc _cImpreso _01 |
||
| 999 |
_c7593 _d7593 |
||